=LDR 00000nam 2200000 4500 =001 INLIS000000000004579 =005 20130612092840 =008 ***********************************Ind** =035 ##$$0010-061300000004579 =041 ##$$a Ind =082 ##$$a 819.910 72 =090 ##$$a 819.910 72, Sun k =100 ##$$a SUNARJO, Nikmah =245 ##$$a Kumpulan cerita bintang / oleh Nurul Supardan. -- =260 ##$$a 2000 $b Jakarta : Pusat Pembinaan dan Pengembangan Bahasa =300 ##$$a viii, 200 hlm. ; 21 cm =650 ##$$a Syair Melayu - Kajian dan Penelitian =700 ##$$a SUPARDAN, Nurul =850 ##$$a NBPNMAT